Kiskunmajsa első történetírói
Elmentve itt :
| Szerző: | |
|---|---|
| További közreműködők: | |
| Dokumentumtípus: | Szakdolgozat |
| Megjelent: |
2007
|
| Tárgyszavak: | |
| Online Access: | http://diploma.bibl.u-szeged.hu/143379 |
| LEADER | 00592nta a2200181 i 4500 | ||
|---|---|---|---|
| 001 | dipl143379 | ||
| 005 | 20250224152153.0 | ||
| 008 | 241128s2007 hu om 000 hun d | ||
| 040 | |a SZTE Diploma Repozitórium |b hun | ||
| 041 | |a hun | ||
| 100 | 1 | |a Ladányi Ágnes | |
| 245 | 1 | 0 | |a Kiskunmajsa első történetírói |h [elektronikus dokumentum] / |c Ágnes Ladányi |
| 260 | |c 2007 | ||
| 650 | 4 | |a Bölcsészettudományok | |
| 650 | 4 | |a Humanities | |
| 650 | 4 | |a History | |
| 700 | 0 | 1 | |a Serfőző Zoltán |e ths |
| 856 | 4 | 0 | |u https://diploma.bibl.u-szeged.hu/id/eprint/143379/1/2007_ladanyi_agnes.pdf |z Dokumentum-elérés |